[Event "Oberliga Sued W 1516"]
[Site "Germany"]
[Date "2016.02.21"]
[Round "7.1"]
[White "Dizdar, Goran"]
[Black "Haasler, Andreas"]
[Result "1-0"]
[WhiteElo "2503"]
[BlackElo "2258"]
[PlyCount "71"]
[EventDate "2015.09.20"]
[EventType "team-tourn"]
[EventRounds "9"]
[EventCountry "GER"]
[SourceTitle "EXT 2017"]
[Source "ChessBase"]
[SourceDate "2016.10.25"]
[SourceVersion "1"]
[SourceVersionDate "2016.10.25"]
[SourceQuality "1"]
[WhiteTeam "Koblenz"]
[BlackTeam "Heidesheim"]
[WhiteTeamCountry "GER"]
[BlackTeamCountry "GER"]

1. Nf3 d5 2. g3 Nf6 3. Bg2 e6 4. 0-0 Be7 5. c4 dxc4 6. Na3 0-0 7. Nxc4 c5 8. b3 Nc6 9. Bb2 Nd7 10. d4 Bf6 11. Rc1 cxd4 12. Nxd4 Nxd4 13. Bxd4 e5 14. Bb2 Rb8 15. Ba3 Be7 16. Bd6 Bxd6 17. Qxd6 Qf6 18. Qc7 Qd8 19. Qxd8 Rxd8 20. Rfd1 Rf8 21. Nd6 Nb6 22. Rc7 Rd8 23. Rd3 Be6 24. Nxb7 Rxd3 25. exd3 Nd5 26. Rc5 Nb4 27. Ra5 Nxd3 28. Rxa7 Rc8 29. Bf1 Ne1 30. Bc4 Bxc4 31. bxc4 g5 32. Nd6 Rd8 33. c5 g4 34. c6 Nf3+ 35. Kg2 Rxd6 36. c7 1-0

[Event "Oberliga Sued W 1516"]
[Site "Germany"]
[Date "2016.01.17"]
[Round "5.3"]
[White "Biehler, Thomas"]
[Black "Haasler, Andreas"]
[Result "0-1"]
[WhiteElo "2236"]
[BlackElo "2258"]
[PlyCount "56"]
[EventDate "2015.09.20"]
[EventType "team-tourn"]
[EventRounds "9"]
[EventCountry "GER"]
[SourceTitle "CBM 170 Extra"]
[Source "ChessBase"]
[SourceDate "2016.02.25"]
[SourceVersion "1"]
[SourceVersionDate "2016.02.25"]
[SourceQuality "1"]
[WhiteTeam "Illingen Turm"]
[BlackTeam "Heidesheim"]
[WhiteTeamCountry "GER"]
[BlackTeamCountry "GER"]

1. c4 e6 2. g3 d5 3. Bg2 Nf6 4. Nf3 dxc4 5. 0-0 a6 6. a4 c6 7. b3 cxb3 8. d4 Nbd7 9. a5 b5 10. Qxb3 Bb7 11. Rd1 c5 12. Nbd2 Rc8 13. dxc5 Bxc5 14. Bb2 0-0 15. Bh3 Qe7 16. Ng5 h6 17. Ngf3 Rfd8 18. g4 Ne4 19. Nxe4 Bxe4 20. g5 Bc2 21. Qa2 Bxd1 22. Rxd1 hxg5 23. Rd3 Nf8 24. Rb3 Rd1+ 25. Kg2 Ng6 26. e3 Qb7 27. Kg3 Bd6+ 28. Kg4 Qe4+ 0-1

[Event "Oberliga Sued W 1516"]
[Site "Germany"]
[Date "2015.11.15"]
[Round "3.3"]
[White "Gohil, Harry"]
[Black "Haasler, Andreas"]
[Result "1-0"]
[WhiteElo "2282"]
[BlackElo "2258"]
[PlyCount "65"]
[EventDate "2015.09.20"]
[EventType "team-tourn"]
[EventRounds "9"]
[EventCountry "GER"]
[SourceTitle "CBM 170 Extra"]
[Source "ChessBase"]
[SourceDate "2016.02.25"]
[SourceVersion "1"]
[SourceVersionDate "2016.02.25"]
[SourceQuality "1"]
[WhiteTeam "Schott Mainz II"]
[BlackTeam "Heidesheim"]
[WhiteTeamCountry "GER"]
[BlackTeamCountry "GER"]

1. Nf3 d5 2. g3 Nf6 3. Bg2 c6 4. d3 Bf5 5. 0-0 h6 6. Nbd2 Nbd7 7. Re1 Bh7 8. e4 dxe4 9. dxe4 e5 10. b3 Bc5 11. Bb2 Qc7 12. a3 a5 13. b4 axb4 14. axb4 Ba7 15. Nc4 Ng4 16. Rxa7 Rxa7 17. Bh3 h5 18. Bxg4 hxg4 19. Nfxe5 f6 20. Nd6+ Ke7 21. Nef7 Rf8 22. e5 f5 23. e6 Nf6 24. Qd4 b6 25. Qf4 c5 26. Qg5 Rg8 27. Be5 Qc6 28. Nh6 Raa8 29. Nhxf5+ Bxf5 30. Nxf5+ Kf8 31. Bxf6 gxf6 32. Qxf6+ Ke8 33. Qe7# 1-0

[Event "Rheinland Pfalz op 7th"]
[Site "Frankenthal"]
[Date "2015.06.06"]
[Round "2"]
[White "Grobe, Detlef"]
[Black "Haasler, Andreas"]
[Result "1-0"]
[WhiteElo "1993"]
[BlackElo "2289"]
[PlyCount "95"]
[EventDate "2015.06.04"]
[EventType "swiss"]
[EventRounds "7"]
[EventCountry "GER"]
[SourceTitle "EXT 2017"]
[Source "ChessBase"]
[SourceDate "2016.10.25"]
[SourceVersion "1"]
[SourceVersionDate "2016.10.25"]
[SourceQuality "1"]

1. Nf3 c5 2. c4 Nc6 3. e3 Nf6 4. d4 cxd4 5. exd4 d5 6. Nc3 g6 7. cxd5 Nxd5 8. Bb5 Bg7 9. Qa4 0-0 10. Bxc6 Nb6 11. Qb4 bxc6 12. 0-0 Nd5 13. Nxd5 cxd5 14. Bf4 a5 15. Qd2 Qb6 16. Bh6 f6 17. Bxg7 Kxg7 18. Rfc1 Bg4 19. Rc5 Rfd8 20. Rac1 Bxf3 21. gxf3 Rd7 22. b3 Qb4 23. Qd3 a4 24. Qb5 Qxb5 25. Rxb5 axb3 26. axb3 Kf7 27. b4 Ra3 28. Rb1 Rd3 29. Rb8 Rc7 30. b5 Rxd4 31. b6 Rcc4 32. Ra8 Rb4 33. Raa1 Rdc4 34. b7 d4 35. b8Q Rxb8 36. Rxb8 Rc7 37. Raa8 Ke6 38. Rd8 Rc4 39. Ra7 f5 40. Rdd7 Ke5 41. Rxe7+ Kf4 42. Kg2 h5 43. h4 Rb4 44. Re6 Rb2 45. Rd7 Rd2 46. Red6 Ke5 47. Rd5+ Kf6 48. f4 1-0

[Event "Rheinland Pfalz op 7th"]
[Site "Frankenthal"]
[Date "2015.06.06"]
[Round "3"]
[White "Haasler, Andreas"]
[Black "Schaedlich, Helmut"]
[Result "1-0"]
[WhiteElo "2289"]
[BlackElo "1801"]
[PlyCount "47"]
[EventDate "2015.06.04"]
[EventType "swiss"]
[EventRounds "7"]
[EventCountry "GER"]
[SourceTitle "EXT 2017"]
[Source "ChessBase"]
[SourceDate "2016.10.25"]
[SourceVersion "1"]
[SourceVersionDate "2016.10.25"]
[SourceQuality "1"]

1. e4 c5 2. Nf3 Nc6 3. d4 cxd4 4. Nxd4 Qb6 5. Nb3 Nf6 6. Nc3 e6 7. Be3 Qc7 8. a3 Be7 9. f4 d6 10. Bd3 a6 11. 0-0 0-0 12. g4 Rd8 13. g5 Nd7 14. Qh5 g6 15. Qh6 f5 16. exf5 Bf8 17. Qh4 gxf5 18. Nd4 Nxd4 19. Bxd4 Nc5 20. Bxf5 exf5 21. Nd5 Qf7 22. Nf6+ Kh8 23. Nxh7+ Bg7 24. Nf6+ 1-0

[Event "Bad Woerishofen op 31st"]
[Site "Bad Woerishofen"]
[Date "2015.03.01"]
[Round "3"]
[White "Haasler, Andreas"]
[Black "Stuemer, Paul"]
[Result "1-0"]
[WhiteElo "2252"]
[BlackElo "2092"]
[PlyCount "39"]
[EventDate "2015.02.27"]
[EventType "swiss"]
[EventRounds "9"]
[EventCountry "GER"]
[SourceTitle "CBM 165 Extra"]
[Source "ChessBase"]
[SourceDate "2015.04.21"]
[SourceVersion "1"]
[SourceVersionDate "2015.04.21"]
[SourceQuality "1"]

1. d4 Nf6 2. Nc3 d5 3. Bf4 e6 4. Nf3 a6 5. Qd3 c5 6. e4 Nc6 7. 0-0-0 Nb4 8. Qe2 dxe4 9. Nxe4 Nfd5 10. dxc5 Qa5 11. Be5 Nxa2+ 12. Kb1 Nab4 13. Qc4 Bd7 14. c3 Nc6 15. Nd6+ Bxd6 16. Bxd6 f6 17. Bd3 0-0-0 18. Kc2 Ncb4+ 19. cxb4 Nxb4+ 20. Kb1 1-0

[Event "Oberliga Sued W 1415"]
[Site "Germany"]
[Date "2015.01.18"]
[Round "5.3"]
[White "Haasler, Andreas"]
[Black "Reha, Fauad"]
[Result "1-0"]
[WhiteElo "2252"]
[BlackElo "1976"]
[PlyCount "145"]
[EventDate "2014.09.21"]
[EventType "team-tourn"]
[EventRounds "9"]
[EventCountry "GER"]
[SourceTitle "EXT 2019"]
[Source "ChessBase"]
[SourceDate "2018.10.10"]
[SourceVersion "1"]
[SourceVersionDate "2018.10.10"]
[SourceQuality "1"]
[WhiteTeam "Heidesheim"]
[BlackTeam "Mutterstadt"]
[WhiteTeamCountry "GER"]
[BlackTeamCountry "GER"]

1. e4 g6 2. d4 Bg7 3. Nc3 d6 4. Be3 c6 5. Qd2 Nf6 6. Nf3 Bg4 7. Bh6 Bxh6 8. Qxh6 Qa5 9. h3 Bxf3 10. gxf3 Nbd7 11. 0-0-0 b5 12. Kb1 b4 13. Ne2 Nb6 14. Nc1 Na4 15. Bc4 Qc7 16. Rhe1 Nb6 17. Qg7 Rf8 18. Ba6 Nfd7 19. Qxh7 Nb8 20. Bf1 a5 21. e5 e6 22. Nd3 d5 23. Nc5 Qe7 24. Qh6 Ra7 25. f4 N8d7 26. Na6 Nc4 27. Bxc4 dxc4 28. Nc5 Nb6 29. Ne4 Nd5 30. Nd6+ Kd7 31. Nxc4 a4 32. Qg5 Qe8 33. Rd3 Qb8 34. Kc1 b3 35. axb3 Qb4 36. Red1 axb3 37. Na3 Rxa3 38. bxa3 b2+ 39. Kb1 Nc3+ 40. Rxc3 Qxc3 41. Qg3 Qc4 42. Qd3 Qa4 43. Kxb2 Rb8+ 44. Ka2 Rb4 45. Rd2 Kc7 46. Qc3 Rc4 47. Qb2 Qa5 48. Rd1 Qd5 49. Ka1 Qf3 50. Rb1 Qc3 51. h4 Qxd4 52. Qxd4 Rxd4 53. Rb4 Rd2 54. Kb2 c5 55. Rc4 Kb6 56. f5 exf5 57. Rf4 Re2 58. h5 Rxe5 59. h6 Re8 60. h7 Kc6 61. Rh4 Rh8 62. a4 Kd6 63. f4 Ke6 64. Kc3 Kf6 65. a5 Kg7 66. a6 f6 67. a7 g5 68. Rh1 g4 69. Kc4 g3 70. Kxc5 g2 71. Rg1 Re8 72. Rxg2+ Kxh7 73. c4 1-0